[Event "Vidmar Memorial 15th"]
[Site "Terme Zrece"]
[Date "2003.08.18"]
[Round "1"]
[White "Sutovsky, Emil"]
[Black "Mitkov, Nikola"]
[Result "1-0"]
[WhiteElo "2639"]
[BlackElo "2552"]
[Annotator "Erenburg,S"]
[PlyCount "55"]
[EventDate "2003.08.17"]
[EventType "tourn"]
[EventRounds "9"]
[EventCountry "SLO"]
[EventCategory "12"]
[SourceTitle "CBM 097"]
[Source "ChessBase"]
[SourceDate "2003.11.11"]
[SourceVersion "1"]
[SourceVersionDate "2003.11.11"]
[SourceQuality "1"]

1. e4 d6 2. d4 Nf6 3. f3 e5 4. d5 Be7 5. Be3 Nh5 {The trade of dark-squared
bishop is the black's main idea of this variation. White has occupied more
space, locating his pawns on the light squares. So his dark-squared bishop
becomes very important, as it controls dark squares.} (5... O-O {CBM 56-3.f3
e5 4.d5 Be7 5.Be3/Opening 1996/CBM 56/[Stohl] (8)}) (5... Nfd7 {[%cal Yd7f8,
Yf8g6,Re7g5,Rg5e3] 1/2-1/2 Miroshnichenko,E-Komliakov,V/Kramatorsk 2001/CBM 86/
[Gofshtein,L] (43)}) 6. Qd2 {There are some other possibilities white tried:} (
6. c4 Bg5 (6... O-O 7. Nc3 (7. Qd2 $5 h6 8. Nc3 Bg5 9. g3 $1 Bxe3 10. Qxe3 Qg5
11. Qxg5 hxg5 12. Bh3 $14) 7... g6 (7... Bg5 8. Bf2 g6 $14) 8. Qd2 f5 (8... c5
9. dxc6 $6 (9. Bd3 $5) 9... bxc6 10. O-O-O Na6 11. Nge2 Qa5 12. Kb1 Qb4 13. Nc1
Qb7 14. Be2 Ng7 $132 {1/2-1/2 Kragelj,I-Nevednichy, 1992}) 9. exf5 gxf5 10.
O-O-O Na6 11. Nge2 Kh8 12. f4 $36 {1-0 Boensch,U-Duer,W1993}) (6... a5 7. Nc3
Na6 8. g3 g6 9. Qd2 f5 10. exf5 gxf5 11. f4 $14 {1-0 Dreev,A-Illescas Cordoba,
M/Montpellier 2002/CBM 86 ext (30)}) 7. Bf2 O-O (7... g6 8. g4 (8. g3 O-O 9.
Nc3 a5 10. Be2 Na6 $2 (10... Ng7 11. h4 $14) 11. f4 $1 exf4 12. Bxh5 gxh5 13.
Qxh5 $36) 8... Nf4 9. h4 Bh6 10. Nc3 f5 11. exf5 gxf5 12. g5 Bg7 13. Nge2 Nh5
14. Qd2 Na6 15. O-O-O O-O 16. Ng3 Qe8 17. Bd3 Nc5 18. Bc2 Bd7 19. Rde1 Nxg3 20.
Bxg3 Qh5 21. Bd1 f4 22. Bf2 Bf5 23. Bxc5 dxc5 24. Qf2 b6 25. Bc2 Bxc2 26. Kxc2
$16 {Mikhalevski,V-Kanstler,B/Beersheba/1996/}) 8. h4 Be7 9. Nc3 Nd7 10. Nge2
c6 11. Qd2 Nb6 12. g4 Nf6 13. Ng3 Ne8 14. Nf5 Bxf5 15. exf5 cxd5 16. cxd5 Rc8
17. b3 Rxc3 18. Qxc3 Nxd5 19. Qd2 Nf4 20. O-O-O d5 21. Be3 Nf6 22. Bxf4 exf4
23. g5 Bc5 24. Kb1 Be3 25. Qb4 Nh5 26. Bc4 d4 27. Qxb7 $16 {Bykhovsky,
Av-Kanstler,B/Beersheba/1996/}) (6. Nc3 Bg5 7. Bf2 g6 8. g3 Ng7 9. h4 Be7 10.
Qd2 f5 11. exf5 gxf5 12. O-O-O O-O 13. Nge2 Nd7 14. Bh3 Nf6 15. Rh2 c6 16. Rg1
Qa5 17. dxc6 bxc6 18. g4 fxg4 19. fxg4 d5 20. g5 Nfh5 21. Bxc8 Raxc8 22. g6
hxg6 23. Qh6 Rf6 24. Rxg6 Kf7 25. Rhg2 Ke6 $1 $13 {Saravanan,V-Koshy,V/IND-ch/
1994/}) (6. g3 $5 Bg5 7. Bf2 $14) 6... c6 $6 {Unsuccessful continuation. This
attempt of attacking white's center doesn't promise anything, just invites
white to play c2-c4, that, anyway, white wanted to play. More logical was to
try to trade dark-squared bishop:} (6... h6 7. c4 (7. g3 Bg5 8. Bh3 Bxe3 9.
Qxe3 Nd7 10. Nd2 O-O 11. Ne2 Nhf6 12. c4 a5 13. O-O c6 14. Nc3 Qb6 $11 {
1/2-1/2 Levitt,J-Collinson,A/Bunratty 2001/CBM 80 ext (29)}) 7... Bg5 8. g3
Bxe3 9. Qxe3 Qg5 (9... Nd7 $5) 10. Qc3 f5 11. Nh3 Qe7 12. exf5 Bxf5 13. Nd2 Nf6
$11 {1-0 Knaak,R-Roesch,A/Germany 1997/GER-chT (41)}) 7. c4 {Now white will
have resourse of breakthrough c4-c5.} f5 $2 $146 {Usually black doesn't play
this move without preliminary g7-g6, in order to take on f5 with the "g" pawn.
Still, better was to play} (7... h6 8. g3 Bg5 9. f4 $2 exf4 10. gxf4 Bh4+ $2 (
10... Bxf4 $1 $17) 11. Kd1 cxd5 12. cxd5 $14 {1/2-1/2 Chilla,M-Krojanski,H/
Ruhrgebiet 1996/EXT 2002 (52)}) 8. exf5 $1 Bxf5 9. Nc3 {[%cal Gg2g4]} Bg6 $6 ({
Better was} 9... Nf4 10. O-O-O O-O 11. g3 $14) 10. Nh3 $1 {preparing
occupation of e6 square via g5.} Nd7 $2 {Black had to complete the development
as quick as possible with a castle:} (10... h6 11. Bd3 $16 {taking control
over all the light squares.}) (10... O-O $142 11. Ng5 Bf5 12. Bd3 $14 (12. g4
$2 Nf4 $1) (12. Rd1 $5)) 11. Ng5 Nf8 12. O-O-O $16 {White's development
advantage is too big: his pieces have occupied the ideal positions for
providing the breakthrough c4-c5, while black didn't solve the problem of his
monarch yet...} Nf6 $2 {It is too much. Black continues to play, as if white
isn't going to crush him with c4-c5. Probably after} (12... Qa5 $16 {black has
more chances, while his position is very unpleasant.}) 13. c5 $1 $40 {[%mdl
128]} cxd5 {Maybe the following possibilities were more resistant.} (13... Qc7
14. dxc6 (14. cxd6 Qxd6 15. dxc6 Qxd2+ 16. Rxd2 bxc6 17. Bc4 $16) 14... dxc5
15. cxb7 Qxb7 16. Bb5+ {with a very strong attack, which, probably, will not
be parried.}) (13... b6 14. cxb6 (14. dxc6 bxc5) 14... axb6 15. dxc6 Qc8 16.
Bb5 $18) 14. Nxd5 $1 $18 Nxd5 (14... h6 {doesn't change anything:} 15. Nxf6+
gxf6 16. Bb5+ Nd7 17. Ne4 $18) 15. Bb5+ $1 {Very important check.} Nd7 16. Ne6
$1 Nxe3 {Black cannot hold white's pressure anymore, therefore, he is going to
lose material.} (16... Qc8 17. Qxd5 $18 {[%cal Ge6g7]}) 17. Nxd8 {White's
material advantage is very obvious, so the rest is a matter of an easy
technique.} Kxd8 (17... Nxd1 18. Nxb7 $18) 18. Qxe3 Nxc5 19. Qxe5 Rc8 $1 {
[%csl Yc8][%cal Gc5b3,Gc5d3]} {[%tqu "En","Black's king position is very
vulnerable, but now it's white's turn to parry opponent's threats. How would
you do it?","","","d1d6","",10]} 20. Rxd6+ $1 {By the way, the only move!} Bxd6
21. Qxd6+ Nd7+ 22. Kd2 Rc2+ 23. Ke3 Be8 24. Rd1 Rc7 25. Qd4 {White is
continuing to win a material. Why not, if he can?} Rf8 26. Qxg7 Rf7 27. Qg5+
Kc8 28. Bxd7+ 1-0

[Event "Las Palmas op 24th"]
[Site "Las Palmas"]
[Date "2003.08.28"]
[Round "6.1"]
[White "Erenburg, Sergey"]
[Black "Vioreanu, Bogdan Gabriel"]
[Result "1/2-1/2"]
[WhiteElo "2512"]
[BlackElo "2395"]
[Annotator "Erenburg,S"]
[PlyCount "64"]
[EventDate "2003.08.25"]
[EventType "swiss"]
[EventRounds "9"]
[EventCountry "ESP"]
[SourceTitle "CBM 097"]
[Source "ChessBase"]
[SourceDate "2003.11.11"]
[SourceVersion "1"]
[SourceVersionDate "2003.11.11"]
[SourceQuality "1"]

1. e4 c5 2. c3 d6 3. d4 Nf6 4. Bd3 e5 $5 {Interesting alternative to 4...g6.}
5. Nf3 Nc6 6. dxe5 dxe5 7. O-O Be7 8. Na3 {White tried also} (8. Qe2 {1-0 De
Vreugt,D-Fedorov,A/Ohrid 2001/CBM 84/[Rogozenko] (47)}) (8. h3 O-O 9. Bg5 Nh5
10. Be3 a6 11. a4 Qc7 12. Nbd2 Be6 13. Qe2 Rad8 14. Bc4 Bxc4 15. Nxc4 $14 {
0-1 Smirnov,P-Landa,K/Tomsk 1999/EXT 2001 (42)}) (8. Bg5 {0-1 Godena,M-Landa,K/
Vienna 1996/CBM 53 ext/[Chekhov] (30)}) 8... O-O 9. Bg5 $146 {According to my
database, this position appeared for the first time. In the previous games was}
(9. Nc4 Qc7 10. Bg5 (10. a4 Rd8 11. Qc2 h6 12. Ne3 Na5 13. Nd2 b6 14. Ndc4 Ba6
15. Be2 Nxc4 16. Bxc4 Bxc4 17. Nxc4 a6 $10 {Okhotnik,V-Karpman,V/Uzhgorod/1987/
0|1/55/}) 10... Be6 11. Bxf6 Bxf6 12. Ne3 Na5 13. c4 (13. Nd5 $5) 13... Nc6 14.
Nd5 Qd8 15. a3 Bg5 $11 {1/2-1/2 Ye Jiangchuan-Zhang Zhong/Shanghai 2001/CBM 85
(33)}) 9... Qc7 {The most logical. Anyway, white intends to play Nc4,
attacking the e5 pawn. After this profilactic move, black can react with b7-b5
on Na3-c4.} 10. Nc2 {transfering the knight to e3. In such type of positions,
white has a better dark-squared bishop. Therefore, black aspires to change
them, while white is interested in the trade of light-squared bishop, in order
to emphasize the weaknesses of a light squares in the black camp. Nothing gave}
(10. Nb5 Qb6 11. a4 Rd8 $1 (11... a6 $6 12. Na3 Qxb2 $2 13. Nc4 Qxc3 14. Rc1
Qb4 15. Bd2 $18) 12. Qe2 (12. Qc2 Be6 $15) 12... Bg4 $15 {[%cal Gg4f3,Ga7a6]})
(10. Qe2 a6 $11) 10... Nh5 {trying to change dark-squared bishops, thus to
occupate the f4 square with the knight. Possible alternatives were:} (10... Rd8
11. Qe2 Bg4 12. Rad1 $13 {[%cal Gc2e3]}) (10... Be6 11. Ne3 Rfd8 12. Qe2 {
[%cal Gd3c4] and white has some chance for an advantage.}) 11. Ne3 $1 {[%cal
Ge3d5]} Bxg5 12. Nxg5 (12. Nd5 Qd8) 12... Nf4 13. Bc4 (13. Nd5 {doesn't
promise anything special:} Qd8 14. Nxf4 (14. Nf3 Bg4) 14... exf4 15. Nf3 Bg4
$11) 13... h6 14. Nf3 Rd8 ({Immediate} 14... Be6 {comes to consideration.}) 15.
Qc2 Be6 16. Bxe6 $1 (16. Rfd1 Bxc4 $11) 16... fxe6 (16... Nxe6 17. Nd5 $14 {
[%cal Gf1d1]}) 17. Rad1 {White's pawn structure is better, so he is ready to
change the heavy pieces. On the other hand, as compensation for a worse pawn
structure, black has the open line "f", from where he can put some pressure on
the white's kingside.} Rf8 18. g3 (18. Nd2 {[%cal Yf2f3] deserved attention.})
18... Nh5 19. Nd2 {preparing the transfer of this knight to c4.} Rad8 20. a4
Qf7 21. Ndc4 $14 Qf3 22. Rd6 $2 ({Better was} 22. Rxd8 Rxd8 23. Rd1 $14) 22...
Rxd6 $1 (22... Nf6 23. Rxe6 $16) 23. Nxd6 {Now it is clear, that without
drastic measures black will get difficult position, due to many weaknesses he
has.} {[%tqu "En","White's position is better. How would you create the
counterplay for black?","","","h5f4","",10]} Nf4 $1 {Black starts with
dangerous attack on the white monarch, sacrifising the knight.} 24. gxf4 exf4
25. Ng2 Ne5 26. Ne1 ({White doesn't succeed to save the material advantage
after} 26. Qd1 Rd8 $1 (26... Qh3 27. f3 $18) 27. Kh1 $8 Qxd1 28. Rxd1 g5 $11 {
[%cal Gg8f8,Gf8e7]}) 26... Qg4+ $1 27. Kh1 Qh3 {Black had another interesting
option:} (27... Rd8 28. Rg1 (28. Nxb7 $2 Qh3 29. Kg1 (29. Rg1 Nf3 $19) 29...
Ng4 30. Nf3 (30. f3 Ne3 31. Qf2 Rd2 $19) 30... Rf8 31. Re1 (31. Qe2 Nxh2 32.
Nxh2 f3 $19) 31... Qxf3 $17) (28. Qd2 Nc4 29. Nxc4 Rxd2 30. Nxd2 Qd1 $15 {
and black is going to take at least two pawns.}) 28... Qh5 (28... Qh3 29. Qd1
f3 $13 {[%cal Ye5g4,Yd8f8]}) 29. Qb3 Rxd6 30. Qxb7 $13) 28. Rg1 f3 $1 {It is
important to fix white pawn on f2.} (28... Rd8 {comes to consideration.}) 29.
Rg3 {White has to force the draw, as he hasn't more, than it:} (29. Qd2 Ng4 30.
Rxg4 Qxg4 31. b3 Rf4 32. Nxb7 Qh3 33. Qd8+ Kh7 34. Qd3 Rg4 35. e5+ (35. Nxc5 e5
$19 {[%cal Gg4g6,Gh3g4]}) 35... Kh8 36. Nxc5 Rg2 37. Nxf3 Rxf2 38. Qd8+ $11) (
29. Qb3 Rf6 $1 {[%cal Ge5g4]} (29... Rf4 30. Rg3 (30. Qxb7 Ng4 $19) 30... Qf1+
31. Rg1 Qh3 $11) 30. Nf5 Ng4 $36) 29... Qf1+ 30. Rg1 Qh3 31. Rg3 Qf1+ 32. Rg1
Qh3 1/2-1/2

[Event "Olympiad-36"]
[Site "Mallorca"]
[Date "2004.10.18"]
[Round "4"]
[White "Beliavsky, Alexander G"]
[Black "Rahman, Ziaur"]
[Result "1-0"]
[WhiteElo "2660"]
[BlackElo "2535"]
[Annotator "Erenburg,S"]
[PlyCount "65"]
[EventDate "2004.10.15"]
[EventType "team-swiss"]
[EventRounds "14"]
[EventCountry "ESP"]
[SourceTitle "CBM 104"]
[Source "ChessBase"]
[SourceDate "2005.01.27"]
[SourceVersion "1"]
[SourceVersionDate "2005.01.27"]
[SourceQuality "1"]
[WhiteTeam "Slovenia"]
[BlackTeam "Bangladesh"]
[WhiteTeamCountry "SLO"]
[BlackTeamCountry "BAN"]

1. d4 d6 2. e4 g6 3. Nc3 Bg7 4. Be3 Nf6 5. h3 {Other ways to fight for an
andvantage are:} (5. f3) (5. Qd2) 5... O-O {Other possibilites are:} (5... c5
6. e5 Nfd7 7. exd6 exd6 8. Nf3 O-O 9. Be2 Nc6 10. O-O b6 11. Bg5 Bf6 12. Be3
Bb7 13. Ne4 Be7 14. dxc5 Nxc5 15. Nc3 Bf6 16. Bc4 $14 {1/2-1/2 Fogarasi,
T-Castaneda,N/Budapest 2001/CBM 83 ext (62)}) (5... a6 6. a4 b6 7. Bc4 Nc6 8.
d5 Ne5 9. Ba2 O-O 10. f4 Ned7 11. Qf3 b5 12. a5 Bb7 13. Nge2 c5 14. dxc6 Bxc6
15. O-O b4 16. Nd4 Bb7 17. Nd5 e6 18. Nxb4 Bxe4 $15 {1/2-1/2 Ravi,T-Conquest,S/
ch-Commonwealth 2004/The Week in Chess 480 (34)}) (5... Nbd7 6. f4 c5 7. Nf3
cxd4 8. Bxd4 O-O 9. Bc4 Qc7 10. Bb3 Nc5 11. e5 dxe5 12. fxe5 Nfe4 13. Nxe4 Nxe4
14. O-O Nc5 15. Bc4 Be6 16. Qe2 Rac8 $11 {1-0 Fogarasi,T-Beliavsky,A/Hungary
1997/EXT 2000 (77)}) 6. f4 {This move is very aggressive and the most
principled one, that is typical for Beliavsky! White tried also} (6. g4 d5 7.
e5 Ne4 8. Nxe4 dxe4 9. Bg2 f6 10. exf6 exf6 11. Bxe4 f5 12. gxf5 gxf5 13. Bd3
Qe8 14. Kf1 f4 15. Bd2 c5 16. Qf3 Nc6 17. Re1 Qf7 18. Ne2 $14 {1-0 Vajda,
L-Racz,Z/Open, Balatonlelle HUN 2004 (47)}) (6. Nge2 a6 7. g4 b5 8. Ng3 Bb7 9.
Bg2 e5 10. dxe5 dxe5 11. g5 Nfd7 12. h4 Nc6 13. Qd2 Nb6 14. O-O-O Qxd2+ 15.
Rxd2 Nd4 $11 {1/2-1/2 Timoshenko,G-Simic,R/Belgrade 1995/CBM 47 ext (44)}) (6.
g3 e5 7. dxe5 dxe5 8. Bg2 b6 9. Nf3 Qe7 10. O-O Rd8 11. Nd2 c6 12. Re1 Na6 13.
a3 Nc7 14. Qc1 Ba6 15. b4 Ne6 $15 {1/2-1/2 Timofeev,A-Tseshkovsky,V/Presov
2000/EXT 2001 (52)}) 6... b6 $2 {Very dubious decision. Black opens the long
diagonal for white. Better was one of the following continuations:} (6... Nbd7
7. Nf3 c5 8. d5 Qa5 9. Qd2 Nh5 10. Kf2 Qb4 11. Nd1 Qxe4 12. c4 Bd4 13. Nxd4
cxd4 14. Qxd4 Qxd4 15. Bxd4 Nxf4 $13 {0-1 Arancibia,E-Vasquez,R/Santiago 1997/
EXT 98 (46)}) (6... c5 7. dxc5 Qa5 8. Bd3 dxc5 9. e5 Nd5 10. Bd2 Nxc3 11. Bxc3
Qb6 12. Qf3 Nc6 13. Ne2 Rd8 14. Qf2 Nb4 15. Be4 Be6 16. a3 Nd5 17. O-O Nxc3 18.
Nxc3 Rd4 $15 {1-0 Mitkov,N-Bogdanovski,V/Skopje 1991/EXT 97 (31)}) (6... e5 7.
dxe5 dxe5 8. Qxd8 Rxd8 9. fxe5 Nh5 10. Nf3 Nc6 11. Bg5 Rf8 12. Bb5 h6 13. Be3
Ng3 14. Rg1 g5 15. Kf2 Nh5 16. g4 Nf4 17. Bxf4 gxf4 18. Bxc6 bxc6 19. Ne2 $18 {
1-0 Pachow,J-Zimmerman,Y/Budapest 2001/CBM 81 ext (68)}) 7. e5 $1 {White
increases his space advantage, as well as occupies the long diagonal with the
queen.} (7. Nf3 Bb7 8. Bd3 c5 9. Qe2 cxd4 10. Nxd4 Nh5 11. Qf2 Nc6 12. Nde2 Nb4
13. O-O e6 14. f5 exf5 15. exf5 Nxd3 16. cxd3 Nf6 $11 {1-0 Georgiev,V-Lukanov,
Y/Bankia 1992/EXT 98 (28)}) 7... Nfd7 $146 {This move is new. In the previous
game black played worse:} (7... dxe5 $6 8. dxe5 Qxd1+ $2 9. Rxd1 Ne8 10. Nd5
Kh8 11. Nxe7 $18 {1-0 Sudakova,I-Smirnova,N/Rybinsk 1999/EXT 2000 (32)}) 8. Qf3
c6 9. O-O-O {White completed the development of the queenside, and now he is
ready to develop the attack on the kingside.} b5 {Black has serious problems
to complete the development of the queenside and to develop the counterplay on
the queenside. Therefore, he decides, to sacrifice the pawn!} (9... a6 10. g4
b5 11. h4 $16) 10. Nxb5 $1 {is much stronger, than the capture with the bishop:
} (10. Bxb5 cxb5 11. Qxa8 b4 12. Nd5 e6 13. Nf6+ Bxf6 14. exf6 Qb6 $14 {
and black keeps some chances.} (14... Qa5 15. d5)) 10... Qb6 $6 {Another
inaccurate move. Black will use the unsuccessful location of the queen,
transfering the knight to c4.} (10... cxb5 11. Qxa8 Qb6 12. Qd5 $18) ({Better
was} 10... Nb6 11. Nc3 (11. Na3 $5 Be6 12. c4 $16) 11... Be6 12. Bd3 Nd5 13.
Nxd5 Bxd5 14. Qg3 Qa5 15. a3 $16) 11. Na3 $1 {emphasizing the defect of
previous black's move.} Na6 ({In case of} 11... d5 12. g4 Na6 13. c3 Rb8 14.
Rh2 $16 {[%cal Yf4f5] black is again without counteraplay.}) 12. Nc4 Qc7 13.
Bd2 $6 {opening the third rank for the queen.} ({But simple} 13. exd6 exd6 14.
f5 $16 {[%cal Ye3f4] was much stronger.}) 13... Nb6 14. Qa3 c5 $1 {trying to
sharpen the position, opening up the game on the queenside. In this way, black
activates his fianchetted dark-squared bishop.} 15. exd6 exd6 16. Nf3 d5 $6 {
missing counterchances...} ({Stronger was} 16... Rd8 $1 17. Nxd6 (17. f5 cxd4
$132) 17... Rxd6 18. Bxa6 cxd4 19. Bd3 Bd7 {[%cal Yd6c6] and black keeps some
counterchances.}) 17. Nce5 {[%cal Ya3a6,Yf1a6]} c4 18. f5 $1 {Now black cannot
take on f5 with the bishop.} Re8 $2 ({In my opinion, black should have
prevented white's attack on the kingside with} 18... f6 19. Ng4 Re8 20. Re1 $16
{Of course, the position favours white anyway, but here black is still in the
game.}) 19. fxg6 hxg6 20. h4 $18 {And now, black is under attack and he is a
pawn down...} Bf8 21. Qa5 {White's queen is located far from the centre, but
it prevents from black to develop the counterplay on the queenside.} Qb7 22. h5
{White is much faster with his attack!} Rb8 ({Black cannot play} 22... gxh5 {
in view of} 23. Rxh5 Rb8 24. Bh6 $1 Bb4 25. Rg5+ Kh7 26. Bg7 $1 $18 {[%cal
Yf1d3,Yd1h1]}) 23. hxg6 fxg6 24. Nxg6 {Now the black monarch is absolutely
vulnerable, due to the absence of pawns around him.} Na4 25. b3 {In opposite,
black's counterpart protected very well by white's queenside pawns. It wasn't
too early to resign here...} Ba3+ 26. Kb1 Bf5 27. Bxc4 $18 {Everything wins...}
(27. Qxa4 $18) 27... Nb4 28. Bxb4 Bxb4 29. Qxa4 dxc4 30. Rh8+ Kg7 31. Rxe8 Bxg6
32. Rxb8 Bxc2+ (32... Qxb8 33. Qd7+ $18) 33. Kc1 1-0